Responses for Show #7949 - Thursday, March 14, 2019

Lindsey Shultz game 1.

Contestants

[<< previous game]

Kevin Salat, a product marketing manager from Seattle, Washington

Lindsey Shultz, a physician and healthcare analyst from Pittsburgh, Pennsylvania

Barton Wong, a senior trading associate from Toronto, Ontario, Canada (whose 2-day cash winnings total $56,000)

[next game >>]

Jeopardy! Round responses

WINTER FELL
HIGH GARDEN
THE WALL
RIVER, RUN
(Alex: There's a theme here.)
KINGS LANDING
G.O.T.
    $200 23
the Winter Olympics

Lindsey
    $200 24
(Alex: Yes, with less than a minute.)

Rockefeller Center

Lindsey
    $200 12
Pink Floyd

Kevin
    $200 4
Texas

Kevin
    $200 1
Saudi Arabia

Lindsey
    $200 9
Bangkok

Lindsey
    $400 3
the solstice

Lindsey
    $400 16
the Rockies

Lindsey
    $400 13
Berlin

Barton
    $1,000 5
Avon

Kevin
    $400 7
the shah

Barton
    $400 10
give or take

Kevin
    $600 2
education

Lindsey
    $600 6
Kwai

Barton
    $600 8
the Mediterranean

Lindsey
    $600 11
the White Walkers

Lindsey
    $800 28
[The end-of-round signal sounds.]

nuclear winter

Lindsey
    $800 27
the ISS (International Space Station)

Lindsey
    $800 17
(Roger) Waters

Kevin
    $800 19
the Saint Lawrence

Barton
    $800 14
Harold

Barton
    $800 21
"Guinness on tap"

Triple Stumper
    $1000 25
"The Winter's Tale"

Lindsey
    $1000 26
Shangri-La

Lindsey
    $1000 18
"Comfortably Numb"

Kevin
    $1000 20
the Tagus

Barton
    $1000 15
(Alex: Royal Dutch Airlines, you are right.)

KLM

Lindsey
    $1000 22
(Lindsey: Who are the Gauls?)

the Franks

BartonLindsey

Scores at the first commercial break (after clue 15):

Barton Lindsey Kevin
$2,200 $3,600 $1,800

Scores at the end of the Jeopardy! Round:

Barton Lindsey Kevin
$5,000 $7,000 $3,600

Double Jeopardy! Round responses

CINEMATIC OAKLAND
THAT'S MY MATH OR SCIENCE THING!
INTERNATIONAL HOLIDAYS & OBSERVANCES
THE PLAY'S LAST LINES
(Alex: You identify the play.)
ON THE MOVE
ALL BETS ARE OFF
(Alex: Each correct response will not contain the letters B-E-T.)
    $400 9
Black Panther

Barton
    $400 14
Pythagoras

Kevin
    $400 19
Bastille Day

Kevin
    $400 3
[Alex reads the clue in an English accent.]

Pygmalion

Barton
    $400 17
air traffic control

Triple Stumper
    $400 5
(Kevin: what is alphabet?)
(Alex: No.)
(Kevin: Oh!)
(Barton: What is [*]?)
(Alex: Yes! No "B-E-T". No bet!)

alpha

BartonKevin
    $800 10
Moneyball

Barton
    $800 15
Venn

Lindsey
    $800 12
the Day of the Dead

Lindsey
    $800 4
A Doll's House

Lindsey
    $800 13
(Alex: Called [*], east-west.)

crosstown

Triple Stumper
    $800 18
(Alex: Yes, not Betty, [*].)

Veronica

Barton
    $1200 2
Tupac Shakur

Barton
    $5,500 16
(Lindsey: What is the Theory of [*]?)
(Alex: Yes! [*].)

the Uncertainty Principle

Lindsey
    $1200 20
Armenia

Lindsey
    $5,000 6
[Alex reads the clue in a Puerto Rican accent.]
(Barton: What is [*]?)
(Alex: Correct! Must've been the way I read the clue. Go again.)
(Barton: Certainly was.)

West Side Story

Barton
    $1200 25
fleet

Lindsey
    $1600 1
Richard Pryor

Triple Stumper
    $1600 21
34

Lindsey
    $1600 22
the Dragon Boat Festival

Kevin
    $1600 7
A Woman of No Importance

Barton
    $1600 26
schooner

Lindsey
    $1600 27
Breaking Bad

Lindsey
    $2000 11
Fruitvale

Lindsey
    $2000 24
(Alex: Less than a minute now.)

Mobius

Kevin
    $2000 23
the Copts

Lindsey
    $2000 8
(Alex: Correct. You did well in the category. You're leading now with $15,600. Keep it going.)

Play It Again, Sam

Barton
    $2000 28
[The end-of-round signal sounds.]

Belle

Lindsey

Scores at the end of the Double Jeopardy! Round:

Barton Lindsey Kevin
$17,600 $28,100 $7,600

[wagering suggestions for these scores]

Final Jeopardy! Round responses

STATE CAPITALS EAST OF THE MISSISSIPPI
(Alex: We've made it 50% easier for you... we think.)
KevinWhat is Albany
$7,600
BartonWhat is Albany?
$17,600
LindseyWhat is albany? Hi boy!
$7,101
Albany

Final scores:

Barton Lindsey Kevin
$35,200 $35,201 $15,200
2nd place: $2,000 New champion: $35,201 3rd place: $1,000

Game dynamics:

Coryat scores:

Barton Lindsey Kevin
$13,800 $23,800 $7,000
16 R
(including 1 DD),
0 W
26 R
(including 1 DD),
1 W
10 R
(including 1 DD),
1 W

Combined Coryat: $44,600

[game clues] [game scores] [suggest correction]

Game tape date: 2019-01-29
The J! Archive is created by fans, for fans. Scraping, republication, monetization, and malicious use prohibited; this site may use cookies and collect identifying information. See terms. The Jeopardy! game show and all elements thereof, including but not limited to copyright and trademark thereto, are the property of Jeopardy Productions, Inc. and are protected under law. This website is not affiliated with, sponsored by, or operated by Jeopardy Productions, Inc. Join the discussion at JBoard.tv.